| 000 | 01322nam a2200397 i 4500 | ||
|---|---|---|---|
| 999 |
_c50819 _d50819 |
||
| 001 | 50819 | ||
| 003 | ES-MaCES | ||
| 005 | 20180625121213.0 | ||
| 008 | 180625s2015 sp 000 | spa d | ||
| 017 | _aB 9269-2015 | ||
| 020 | _a9788460676362 | ||
| 040 |
_aES-MaCES _bspa _cES-MaCES |
||
| 100 | 1 |
_939167 _aPalau Garrabou, Josep M. |
|
| 245 | 1 | 3 |
_aLa creación de valor compartido en el sector energético _b: 25 casos prácticos _cJosep M. Palau Garrabou |
| 250 | _a1ª ed | ||
| 260 |
_aBarcelona _bFundación Gas Natural Fenosa _c2015 |
||
| 300 |
_a175 p. _bfot. col. _c22 cm |
||
| 490 | 1 |
_aEnergía y medio ambiente _v27 |
|
| 504 | _aBibliografía: p. 171-175 | ||
| 541 | _cGratuito | ||
| 650 | 4 |
_aenergía _927749 |
|
| 650 | 4 |
_arecursos energéticos _928720 |
|
| 650 | 4 |
_aresponsabilidad social _930590 |
|
| 650 | 4 |
_aresponsabilidad del empleador _930146 |
|
| 650 | 4 |
_apolítica energética _929399 |
|
| 650 | 4 |
_adesarrollo sostenible _930785 |
|
| 650 | 4 |
_adesarrollo económico y social _929234 |
|
| 650 | 4 |
_aEspaña _926964 |
|
| 650 | 4 |
_ainternacional _926674 |
|
| 650 | 4 |
_aestudio de casos _928846 |
|
| 653 | 1 | 0 | _aIndustria-Energía |
| 710 | 2 |
_aFundación Gas Natural Fenosa _eed. _939165 |
|
| 830 | 0 |
_939166 _aEnergía y medio ambiente _v27 |
|
| 902 | _aLIB Libro | ||
| 942 |
_2CES _cBK _h5.2. |
||